000 00341nam a22001457a 4500
082 _a823
_bCLO/S
100 _aCLOVER, PETER
245 _aSHELTIE IN DANGER
_bSHORT STORY
246 _aSHELTIE IN DANGER
_bSHORT STORY
260 _aLONDON
_bPUFFIN BOOKS
_c1997
300 _a89
520 _aSHORT STORY
650 _aSHORT STORY
942 _cBK
999 _c1803
_d1803